Blockchain - od vize k reálnému byznysu

Účinok blockchainu možno chápať ako transformačný - dáva šancu navrhnúť nové procesy, použiť nové technoloógie a zo starej infraštruktúry využiť len to najnutnejšie. Silnou stránkou blockchainu je práve možnosť využívať smart contracty. Smart contract si možno predstaviť ako začiatok budúceho, pravi...

Ausführliche Beschreibung

Gespeichert in:
Bibliographische Detailangaben
1. Verfasser: Mulač, Viktor
Format: Buchkapitel
Sprache:Tschechisch
Schlagworte:
Tags: Tag hinzufügen
Keine Tags, Fügen Sie das erste Tag hinzu!

MARC

LEADER 00000naa a2200000 4500
001 0237856
005 20171204102154.5
041 0 |a cze 
044 |a CZ 
245 1 0 |a Blockchain - od vize k reálnému byznysu  |c Viktor Mulač 
520 |a Účinok blockchainu možno chápať ako transformačný - dáva šancu navrhnúť nové procesy, použiť nové technoloógie a zo starej infraštruktúry využiť len to najnutnejšie. Silnou stránkou blockchainu je práve možnosť využívať smart contracty. Smart contract si možno predstaviť ako začiatok budúceho, pravidlami organizovaného obchodného prostredia. Pre plné využívanie blockchainu ale chýba právna regulácia. 
610 2 0 |a regulácia 
610 2 0 |a technológie informačné 
610 2 0 |a technológie komunikačné 
610 2 0 |a dáta 
610 2 0 |a operácie bankové 
610 2 0 |a inštitúcie finančné 
100 1 |a Mulač, Viktor